01021nam a2200253 a 450000100060000000300080000600500170001400800410003103500190007204000350009104100080012608200250013410000320015924501200019126000680031130000370037950200730041650400320048965000270052170000420054894200130059099900170060395201470062083667BD-RjUL20240507135417.0240507s1989 bg a|||| m||| 00| 0 eng d a(BD-RjUL)83667 aBD-RjULbengcBD-RjULdBD-RjUL aeng 223a583.45bMIS 1989 aMiah, Md. Abdul Bari91288110aStudies on Growth and Yield on Mulberry (Morus Alba L.) /cBy Md. Abdul Bari Miah ;6Supervisor : Nishit Kumar Paul aRajshahi : bDepartment of Botany, University of Rajsahi,c1989 axi, 545 Leaves :bill, ;c29 cm. aThesis (Ph. D.) -- Department of Botany, University of Rajsahi, 1989 aReferences : Leaves 521-545 aMulberryvYield912882 aPaul, Nishit Kumar, Supervisor 92234 2ddccTHE c83667d83667 102ddc40718THESESaRUCLbRUCLcDoc/Thed1990-11-14eController of Exam. R. U.l0oTHE 583.45 MIS 1989pD1503r2024-05-07 00:00:00tC-IyTHE